000 00576nam a2200217Ia 4500
003 OSt
005 20220918192540.0
006 a|||||r|||| 00| 0
007 ta
008 220917b |||||||| |||| 00| 0 eng d
024 _a68,915
037 _cTextual
040 _aARTS
_cARTS
_beng
041 _2eng
_aeng
082 _aR3:P, G9,G9;1
100 _aUrban
_979385
245 0 _aLanguage and reality
_b the philosophy of language and the principles of symbolism
260 _c1939
942 _hR3:P, G9,G9;1
_cTEXL
_2CC
999 _c195085
_d195085